000 003430000a22001450004500
090 _aAR
_b00205
245 1 0 _aBesprechungen
650 1 4 _aFauna
_992594
650 1 4 _aReptiles
_992767
650 1 4 _aHerpetología
_98027
041 0 _aAlemán
100 1 _aNietzke, Günther
_993079
942 _cARTICULO
773 1 _tSalamandra
_388
_q182-184
_d1990?
999 _c9305
_d9305